Jinah of Pakistan (Record no. 24205)

000 -LEADER
fixed length control field 00291nam a22001217a 4500
003 - CONTROL NUMBER IDENTIFIER
control field NUST
005 - DATE AND TIME OF LATEST TRANSACTION
control field 20231212145322.0
008 - FIXED-LENGTH DATA ELEMENTS--GENERAL INFORMATION
fixed length control field 140509b xxu||||| |||| 00| 0 eng d
020 ## - INTERNATIONAL STANDARD BOOK NUMBER
Terms of availability Available
082 ## - DEWEY DECIMAL CLASSIFICATION NUMBER
Classification number 954.90420924
Author Mark WOL
245 ## - TITLE STATEMENT
Title Jinah of Pakistan
Statement of responsibility, etc. Wolpert, Stanley
942 ## - ADDED ENTRY ELEMENTS (KOHA)
Source of classification or shelving scheme
Koha item type Book
Holdings
Withdrawn status Lost status Source of classification or shelving scheme Damaged status Not for loan Permanent Location Current Location Shelving location Date acquired Total Checkouts Total Renewals Full call number Barcode Checked out Date last seen Date last checked out Price effective from Koha item type
          Central Library (CL) Central Library (CL) Fiction 05/09/2014 9 11 954.90420924 WOL RCMS000976 05/13/2026 03/17/2026 03/17/2026 05/09/2014 Book
© 2023 Central Library, National University of Sciences and Technology. All Rights Reserved.